000 00514nam a22001937a 4500
005 20250320152849.0
008 250320b |||||||| |||| 00| 0 eng d
020 _a9788177587432
_c860.00
040 _aMAIN
041 _aEnglish
082 _a620.5
_bRAT
100 _aRatner, Mark
_925403
245 _aNanotechnology a gentle introduction to the next big Idea
260 _aNoida
_bPearson
_c2006
300 _a188
650 _aBiological Science
_914046
700 _aRatner, Daniel
_925404
942 _cBK
999 _c59506
_d59506